| 000 | 00782cam a2200205 i 4500 | ||
|---|---|---|---|
| 005 | 20251126123806.0 | ||
| 008 | 250721s2009 ua gr 000 0 ara d | ||
| 020 | _a9773901157 | ||
| 082 | 1 | 4 |
_a211.17 _bخ ل ف |
| 100 | 1 |
_aالخلفي، عبد العظيم بن بدوي _eمؤلف. |
|
| 245 | 1 | 0 |
_aإعلام ذوي الأفئدة بأحكام سورة المائدة / _cتأليف الشيخ عبد العظيم بن بدوي الخلفي. |
| 250 | _aالطبعة الأولى. | ||
| 264 | 3 | 1 |
_aالقاهرة : _bدار ابن رجب ؛ _bدار الفوائد، _c2009. |
| 300 | _a608 صفحة. | ||
| 650 | 1 | 7 | _aالقرآن الكريم. |
| 650 | 1 | 7 | _aسور القرآن. |
| 650 | 1 | 7 | _aأحكام القرآن. |
| 942 |
_2ddc _cBK |
||
| 999 |
_c118822 _d118822 |
||